00623nam a2200193Ia 4500008004100000020001800041082001700059100001800076245003000094250000700124260004800131300002400179500001900203600003300222650001600255942000700271952013400278999001700412240925s9999 xx 000 0 und d a9788184870244 a510.2462 DUB aDube , Rakesh 0aMathematics for Engineers aNA aNew Delhi:bNarosa Publishing Housec,2010. a343p.bIIfOriginal aIncludes Index aHumanities & Natural Science aMathematics cBK 001040708HUMaUITUbUITUd2011-04-19eRoyal Book Companyg1460.60l0o510.2462 DUBpQ8734r2024-09-25 07:15:04w2024-09-25yBK c11233d11233